000 01247naa a22002777a 4500
001 BR7405271
003 BR-BrBNA
005 20240918173606.0
007 ta
008 230509b bl.||||| |||| 00| 0 por d
040 _aBR-BrBNA
_bpor
_cBiblioteca Nacional de Agricultura
041 _a(Pt)
072 _aF28
_b2120
_bG514
090 _aF28 BR7405271
100 1 _aChebabi, A.
111 1 _aMesas Redondas de Algodao, do Cafe e da Conservacao do Solo
_cSao Paulo, SP (Brazil)
_d1948
245 1 _aPlantacao de cafezal em contornos [Erosao do solo; Coffea arabica; Brasil]
260 3 _aSao Paulo, SP (Brasil):
_c1950.
500 _aAnais das Mesas Redondas do Algodao, do Cafe e da Conservacao do Solo; organizadas sob os auspicios do Instituto de Economia Rural 1948-1949. Teses apresentadas Sao Paulo, SP (Brasil): 1950. p. 167-181 (BR7405271-AM)F28
650 _aEROSAO DO SOLO
650 _aCAFE
650 _aCORDAO EM CONTORNO
773 0 _tAnais das Mesas Redondas do Algodao, do Cafe e da Conservacao do Solo; organizadas sob os auspicios do Instituto de Economia Rural 1948-1949. Teses apresentadas
_b
_wF28 BR7405271
_gSao Paulo, SP (Brasil), 1950. p. 167-181
909 _a202404
_bLucia
_c55
_dLucia Elande
942 _cAM
_2AGRIS
999 _c305622
_d305622